Film Allgemeinwissen Quiz #8 - Statistiken

Allgemein
  • Dieses Quiz wurde 133 mal gespielt
  • Das Durchschnittsergebnis liegt bei 12 aus 20
Antwortstatistiken
Frage Antwort % Korrekt
Welche ist die bevorzugte Waffe von Robin Hood? Bogen
98%
Ein Kultfilm von Robert Rodriguez mit Quentin Tarantino heißt "From Dusk Till ..." Dawn
87%
James Bond hat die Lizenz zum ... Töten
85%
Der Bahnhof King's Cross, von dessen Gleis 9¾ der Hogwarts Express in der "Harry Potter"-Filmreihe abfährt, liegt in welcher Stadt? London
81%
Wer war Kindergarten-Cop, Terminator und der letzte Actionheld? Arnold Schwarzenegger
80%
Vom wem stammt die Buchvorlage zu "Romeo und Julia"? William Shakespeare
78%
Was ist Kevin McCallister aus der nach ihm benannten Weihnachtskomödie? Allein zu Haus
76%
Welches Schloss im südöstlichem Allgäu gilt als Inspiration für das Logo von Walt Disney? Schloss Neuschwanstein
73%
In welcher Metropole an der Westküste spielt der Tarantino-Film "Pulp Fiction"? Los Angeles
67%
Wie heißt die Filmreihe, in dem Jugendliche in einer dystopischen Zukunft in einer Arena gegeneinander kämpfen müssen, um zu überleben? Die Tribute von Panem
65%
Wer spielte Danny Ocean aus der "Ocean's"-Filmreihe? George Clooney
58%
Wie ist der Name des rachsüchtigen Auftragskillers, der von Keanu Reeves gespielt wird? John Wick
58%
Was für ein Tier ist Turbo aus dem gleichnamigen animierten Rennsport-Film? Schnecke
58%
Der letzte Teil welcher Filmreihe trägt den Titel "Die Schlacht der fünf Heere"? Der Hobbit
47%
Gangster-Epos mit Robert De Niro: "Es war einmal in ..." Amerika
37%
Wie heißt der Bösewicht aus dem ersten "Spider-Man"-Film? Norman Osborn / Grüner Kobold
37%
Wer ist der Nachfolger von Michael Jordan im zweiten Teil von "Space Jam"? LeBron James
36%
Welcher Superman-Darsteller spielt die Hauptrolle im 2024 erschienenen Agentenfilm "Argylle"? Henry Cavill
32%
Für welche Zeitung schreibt Clark Kent, der Mann hinter Superman? Daily Planet
17%
Welcher Schauspieler namens Peter sprach nahezu perfekt Deutsch? Ustinov
12%
Keine übereinstimmenden Quizze gefunden
Verteilung der Resultate
Anzahl Personen mit jedem Resultat
Perzentil nach korrekt beantworteten Fragen
Ihre Resultats-Entwicklung
Sie haben dieses Quiz noch nicht gespielt